Personnages connus Harry Potter 1/4 - Statistiques

Statistiques générales
  • Ce quiz a été pris 132 fois
  • Le résultat moyen est 10 sur 13
Statistiques - réponses
Description Personnage % Correct
Le plus connu, il porte des lunettes Harry Potter
100%
La fille du grand trio, elle se mariera avec ron Hermione Granger
88%
Dernier membre du trio, il a deux prénoms et une sœurs (il a cinq frère, aussi) Ronald Bilius Weasley "Ron"
86%
Parrain de Harry et animagus, il ira (injustement) à askaban Sirius Black
78%
Future femme de Harry, sœur de Ron et qui rejoidra l'équipe de quidditch Ginevra Molly Weasley "Ginny"
77%
Futur Voldemort, n'est évoqué que ça jeunesse. (Bah oui, puisqu'il est devenu Voldemort Tom Elvis Jedusor
77%
Amoureuse de Voldemort, elle est également son bras droit Bellatrix Lestrange
74%
Chouette de Harry, elle mourra dans une bataille (eh oui, les animaux, ça compte !!!) Hedwige
73%
Le meilleur Fabriquand de baguettes de tout l'univers, et un des plus vieux personnages Garrick Ollivander
69%
Pire ennemi de Harry à poudlard, toujours suivi par Crabbe et Goyle Drago Malefoy
68%
Professeure de métamorphose à Poudlard, elle aidera beaucoup Harry Minerva McGonagall
66%
Capitaine de l'équipe de quidditch quand Harry la rejoint, il n'est pas très connu Olivier Dubois
65%
Directeur de poudlard, ayant quatre prénoms et un certain age Albus Perceval Wulferic Brian Dumbledore "Albus Dumbledore"
37%
Aucun quiz correspondant
Distribution des résultats
% des personnes avec chaque résultat
Percentile par nombre de réponses
Votre historique - résultats
Vous n’avez pas pris ce quiz